000 00941nam a2200265 i 4500
003 DO-SdBNP
005 20260429123224.0
007 ta
008 250804b2008 dr bcd|| |||| 00| 0 spa d
040 _aDO-SdBNP
_bspa
_cBNPHU
_erda
082 4 _axxx
_bR426p
_222
245 1 0 _aPlan estratégico nacional sobre drogas :
_b2008-2012 /
_cintroducción, Mabel I. Féliz Báez
264 1 _aSanto Domingo :
_bConsejo Nacional de Drogas,
_c2008.
300 _a103 páginas :
_bmapas, retratos, gráficas ;
_c27 cm.
336 _atexto
_btxt
_2rdacontent
337 _asin mediación
_bn
_2rdamedia
338 _avolumen
_bnc
_2rdacarrier
504 _aBibliografía p: 101-103.
590 _aInventariado 2025/ YL
650 0 _aParticipación política
_9456
650 2 0 _aParticipación política
_bConsejo Nacional de Drogas (CND)
_9456
700 1 _aFéliz Báez, Mabel I.,
_eintroducción
_922136
_4int.
910 _aYlockward
942 _2ddc
_cLBS1
999 _c59720
_d59720